Leader xxxxxxxxxx
001 __ PCLIS00050660
005 __ 20140922101930.0008
010 0_ |a978-957-08-4411-5|b電子書|d新臺幣2340元
042 __ |anbic
100 __ |a20140605d2014 m y0chiy50 e
101 0_ |achi
102 __ |atw
105 __ |ay z 000cy
200 1_ |a第九味|f徐國能著
205 __ |a初版
210 __ |a臺北市|c聯經出版|a新北市|c聯合發行總經銷|d2014[民103]
225 2_ |a當代名家|i徐國能作品集|v1
300 __ |a電子書
410 _0 |12001 |a當代名家|i徐國能作品集|v1
517 1_ |a第9味|zchi
606 __ |a中國散文|2csh
681 __ |a855|b2862-5
700 _1 |a徐|b國能|4著
801 _0 |atw|bNDHU|c20140717|gCCR
856 42 |uhttps://reading.udn.com/udnlib/nhsh/B/64944|zUDN讀書館
|